000 00715nam a2200265Ia 4500
005 20260121142427.0
008 008 260114s9999 xx 000 0 eng d
020 _a9788183762809
037 _aEBOOK
040 _aCRL
040 _beng
040 _cCRL
041 _2eng
041 _aeng
084 _qCRL
100 _aDr. Ramesh H. Makwana
_9996342
245 0 _aPolitical Participation Of Scheduled Caste Women In Panchayat Position, Problems And Prescriptions
260 _bABD Publishers
260 _bToday and Tomorrow
260 _c2011
856 _uhttps://asapglobe.com/Search.aspx?q=9788183762809&type=keyword
942 _cEBOOK
999 _c1563551
_d1563551